The technical college library (Record no. 80954)

MARC details
000 -LEADER
fixed length control field 00709nam a2200157 a 4500
008 - FIXED-LENGTH DATA ELEMENTS--GENERAL INFORMATION
fixed length control field 120416s1969 ||||||||||||||||| || u
050 ## - LIBRARY OF CONGRESS CALL NUMBER
Classification number Z 675.T3 Tec
100 ## - MAIN ENTRY--PERSONAL NAME
Personal name Thompson, G. A
245 14 - TITLE STATEMENT
Title The technical college library
Statement of responsibility, etc. edited by G. A. Thompson
246 ## -
-- a primer for its development
260 ## - PUBLICATION, DISTRIBUTION, ETC.
Place of publication, distribution, etc. London
Name of publisher, distributor, etc. Andre Deutsch
Date of publication, distribution, etc. 1969
300 ## - PHYSICAL DESCRIPTION
Extent viii, 135p. : ill.
350 ## -
-- 0.00
995 ## -
-- ANNEX COLLECTION (Main Library)
-- 0.00
-- 715594
-- CBU-MAIN LIBRARY (Kitwe)
-- 2
-- 3.50
-- Z 675.T3 Tec
-- 2
-- AVAILABLE
-- 017489
-- Annex Low-Usage Collection
995 ## -
-- ANNEX COLLECTION (Main Library)
-- 0.00
-- 715595
-- CBU-MAIN LIBRARY (Kitwe)
-- 1
-- 3.50
-- Z 675.T3 Tec
-- 1
-- AVAILABLE
-- 017488
-- Annex Low-Usage Collection
999 ## -
-- 80954
-- 80954
Holdings
Withdrawn status Lost status Source of classification or shelving scheme Damaged status Not for loan Permanent Location Current Location Shelving location Date acquired Total Checkouts Full call number Barcode Date last seen Copy number Price effective from Koha item type
          CBU-MAIN LIBRARY, KITWE. CBU-MAIN LIBRARY, KITWE.   07/11/2023   Z 675.T3 Tec 017489 07/11/2023 1 07/11/2023 MONOGRAPH
          CBU-MAIN LIBRARY, KITWE. CBU-MAIN LIBRARY, KITWE.   07/11/2023   Z 675.T3 Tec 017488 07/11/2023 2 07/11/2023 MONOGRAPH